000 02077cam a22004694i 4500
003 PE-LiUPU
005 20250731165425.0
008 160201s2007 pe a grm 000 0 spa d
035 _a(Sirsi) a155851
040 _aPE-LiUPU
_bspa
_cPE-LiUPU
_erda
082 0 4 _a259.186732
_bR54 T4
099 _aTT 4
_bR54 2007
100 1 _aRichard Pérez, Daniel William
_eautor
245 1 3 _aLa dinámica eclesiástica y su relación con el clima familiar del anciano de iglesia en Lima Metropolitana /
_cDaniel William Richard Pérez.
264 0 _c2007.
300 _a169 hojas :
_bilustraciones;
_c30 cm
336 _atext
_2rdacontent
337 _aunmediated
_2rdamedia
338 _avolume
_2rdacarrier
502 _aTesis
_b(Dr.) --
_cUniversidad Peruana Unión,
_d2007.
504 _aIncluye referencias
520 3 _aEn la presente investigación se hizo un estudio sobre la DEc y su relación con el CFa del anciano de la iglesia en Lm. Se considera que el cargo de anciano de iglesia y la institución familiar son de origen divino, por consiguiente ambos deben mantenerse en armonía y apoyo mutuo; sin embargo, debido al testimonio de un grupo de pastores adventistas en LM, quienes manifestaron que algunas familias de ancianos de iglesia tienen hogares disfuncionales, por un mal manejo del tiempo dedicado a la DEc, se quiso determinar cual es la relación entre el tiempo dedicado a la DEc y el CFa del anciano de iglesia en LM.
526 _aSEG44
526 _aSEG26
526 _aP151
526 _aP150
526 _aP149
526 _aP146
526 _aP145
526 _aP126
526 _aP125
526 _aP92
526 _aP75
526 _aP74
526 _aP27
526 _aP15
650 1 4 _aFamilias
_xAdventistas del Séptimo Día
_zLima Perú
_vTesis.
650 1 4 _aAdventistas del Séptimo Día
_xOficiales
_vTesis.
596 _a1
942 _2ddc
_cTESIS
999 _aTT 4 R54 2007
_wALPHANUM
_c8528
_iT00996
_lCCODEBUL3
_mBUL
_r1
_sY
_tTESIS
_u2016-2-1
_xPOSGRADO
_PP94
_o.STAFF. Tesis
_d8528
980 _81
_gALBERTO SANCHEZ Responsable de Automatización